[Event "BEL-chT 2223"]
[Site "Belgium"]
[Date "2023.04.16"]
[Round "10.3"]
[White "Lagendijk, Ivo"]
[Black "Battistelli, Fausto"]
[Result "0-1"]
[WhiteElo "1825"]
[BlackElo "1857"]
[PlyCount "60"]
[EventDate "2022.09.25"]
[EventType "team-tourn"]
[EventRounds "11"]
[EventCountry "BEL"]
[SourceTitle "EXT 2024"]
[Source "ChessBase"]
[SourceDate "2023.10.10"]
[SourceVersion "1"]
[SourceVersionDate "2023.10.10"]
[SourceQuality "1"]
[WhiteTeam "Mechelen"]
[BlackTeam "Liege Crelel"]
[WhiteTeamCountry "BEL"]
[BlackTeamCountry "BEL"]

1. Nf3 d5 2. g3 Nf6 3. Bg2 c5 4. d3 Nc6 5. 0-0 e5 6. c4 d4 7. b4 cxb4 8. a3 bxa3 9. Bxa3 Bxa3 10. Nxa3 0-0 11. Rb1 Qe7 12. Qb3 Rb8 13. Nc2 Bg4 14. Nb4 Nxb4 15. Qxb4 Qc7 16. Rb2 Rfd8 17. Ra1 a6 18. Qa5 Qxa5 19. Rxa5 e4 20. Ne5 Be6 21. dxe4 Rdc8 22. c5 b6 23. Rxa6 bxc5 24. Rab6 Rxb6 25. Rxb6 c4 26. Nc6 Nd7 27. Ra6 Nb8 28. Ne7+ Kf8 29. Rxe6 fxe6 30. Nxc8 c3 0-1